000 00617nam a2200217Ia 4500
005 20250507130341.0
008 008 250505s9999 xx 000 0 chi d
020 _a9787301023174
037 _aAnnuals, Advances
040 _aEASL
_beng
_cEASL
041 _achi
_2eng
084 _aY:356.41, P3
_qEASL
100 _aYang Cun Tian Au.
_9665180
245 0 _aZhong guo feng su gai
260 _aChina
_bBeijing Beijing daxue chu ban she China
_c2003
300 _a352p.
365 _aYu
_b21.00
650 _aCL
_9642733
942 _cTEXL
_hY:356.41, P3
999 _c1319160
_d1319160